• 首页
  • 本馆介绍
  • 公告通知
  • 最新文献
  • 馆藏检索
  • 电子资源
  • 读者导购
  • 参考咨询
  • 我的图书馆
  • 登录
  • 详细信息显示
  • 放入我的书架
  • 预约/预借图书
  • 作者相关作品
  • 分类相关作品
  • 丛书相关作品
  • 出版社相关作品

书目信息

  • 表格格式
  • 工作单格式
  • 卡片格式
题名:
质量员考核评价大纲及习题集
    
 
作者: ;中国建筑工业出版社 组织编写
分册:   市政方向
出版信息: 北京   中国建筑工业出版社  2015
页数: 228页
开本: 26cm
丛书名: 建筑与市政工程施工现场专业人员职业标准培训教材
单 册:
中图分类: TU712.3-44 , TU990.05-44 , TU712-44
科图分类:
主题词: 建筑工程--jian zhu gong cheng--质量管理--职业培训--习题集 , 市政工程--shi zheng gong cheng--工程质量--职业培训--习题集
电子资源:
ISBN: 978-7-112-18153-7
000 01443nam 2200301 450
001 1669894124
005 20150703080146.8
010    @a978-7-112-18153-7@dCNY39.00
100    @a20150702d2015 em y0chiy50 ea
101 0  @achi
102    @aCN@b110000
105    @aak z 000yy
106    @ar
200 1  @a质量员考核评价大纲及习题集@Azhi liang yuan kao he ping jia da gang ji xi ti ji@i市政方向@f本社组织编写
210    @a北京@c中国建筑工业出版社@d2015
215    @a228页@c图@d26cm
225 2  @a建筑与市政工程施工现场专业人员职业标准培训教材@Ajian zhu yu shi zheng gong cheng shi gong xian chang zhuan ye ren yuan zhi ye biao zhun pei xun jiao cai
330    @a本书为质量员考核评价大纲及习题集。全书分为两部分, 第一部分为质量员 (市政方向) 考核评价大纲, 由住房和城乡建设部人事司组织编写 ; 第二部分为质量员 (市政方向) 习题集, 分为通用与基础知识、岗位知识与专业技能两篇, 共收录了约1000道习题和两套模拟试卷, 习题和试卷均配有正确答案和解析。
410  0 @12001 @a建筑与市政工程施工现场专业人员职业标准培训教材
517 1  @a市政方向@Ashi zheng fang xiang
606 0  @a建筑工程@Ajian zhu gong cheng@x质量管理@x职业培训@j习题集
606 0  @a市政工程@Ashi zheng gong cheng@x工程质量@x职业培训@j习题集
690    @aTU712.3-44@v5
690    @aTU990.05-44@v5
690    @aTU712-44@v4
711 02 @a中国建筑工业出版社@Azhong guo jian zhu gong ye chu ban she@4组织编写
801  0 @aCN@b人天书店@c20150702
905    @aMUSE@dTU712-44@e13
    
    质量员考核评价大纲及习题集.市政方向/本社组织编写.-北京:中国建筑工业出版社,2015
    228页:图;26cm.-(建筑与市政工程施工现场专业人员职业标准培训教材)
    
    
    ISBN 978-7-112-18153-7:CNY39.00
    本书为质量员考核评价大纲及习题集。全书分为两部分, 第一部分为质量员 (市政方向) 考核评价大纲, 由住房和城乡建设部人事司组织编写 ; 第二部分为质量员 (市政方向) 习题集, 分为通用与基础知识、岗位知识与专业技能两篇, 共收录了约1000道习题和两套模拟试卷, 习题和试卷均配有正确答案和解析。
●
相关链接 在五车中查询图书 在当当中查询图书 在豆瓣中查询图书


正题名:质量员考核评价大纲及习题集     索取号:TU712-44/13         预约/预借

序号 登录号 条形码 馆藏地/架位号 状态 备注
1 816555   2000816555   第二书库/ [索取号:TU712-44/13] 在馆    
2 816556   2000816556   第二书库/ [索取号:TU712-44/13] 在馆    
3 816557   2000816557   第二书库/ [索取号:TU712-44/13] 在馆    
山东省滨州职业学院图书馆 欢迎您!
大连网信软件有限公司© 版权所有